[Event "ODJM B 2017"]
[Site "Willingen GER"]
[Date "2017.06.09"]
[Round "8"]
[White "Leßmann, Sönke"]
[Black "Cheredzhiyska, Iva"]
[Result "1-0"]
[Termination "normal"]
[Board "1"]
[WhiteElo "1557"]
[BlackElo "1091"]
[WhiteClock "01:03:08"]
[BlackClock "00:58:05"]
[PlyCount "89"]
[WhiteFideId "16222520"]
[BlackFideId "16241622"]
[EventCountry "GER"]
[EventRounds "9"]
[EventType "swiss"]
[EventDate "2017.06.03"]

1. e4 {[%clk 1:30:58]} 1... e5 {[%clk 1:30:57]} 2. Nf3 {[%clk 1:31:21]} 2...
Nc6 {[%clk 1:31:22]} 3. Bc4 {[%clk 1:31:40]} 3... Bc5 {[%clk 1:31:44]} 4. c3 {
[%clk 1:32:05]} 4... Nf6 {[%clk 1:32:04]} 5. d3 {[%clk 1:32:28]} 5... d6 {
[%clk 1:32:15]} 6. Nbd2 {[%clk 1:32:30]} 6... a6 {[%clk 1:32:28]} 7. h3 { [%clk
1:32:09]} 7... h6 {[%clk 1:32:03]} 8. Nf1 {[%clk 1:31:48]} 8... d5 { [%clk
1:29:00]} 9. exd5 {[%clk 1:30:44]} 9... Nxd5 {[%clk 1:28:59]} 10. Ng3 { [%clk
1:30:28]} 10... Be6 {[%clk 1:28:12]} 11. O-O {[%clk 1:29:06]} 11... Qd6 { [%clk
1:26:56]} 12. Ne4 {[%clk 1:28:04]} 12... Qe7 {[%clk 1:26:36]} 13. Re1 { [%clk
1:27:34]} 13... f6 {[%clk 1:25:06]} 14. Nh4 {[%clk 1:21:15]} 14... Kf7 { [%clk
1:19:54]} 15. Qh5+ {[%clk 1:18:23]} 15... Kg8 {[%clk 1:17:33]} 16. Ng6 { [%clk
1:18:19]} 16... Qf7 {[%clk 1:17:30]} 17. Nxc5 {[%clk 1:17:38]} 17... Nce7
{[%clk 1:09:08]} 18. Nxe7+ {[%clk 1:15:43]} 18... Qxe7 {[%clk 1:08:52]} 19.
Nxe6 {[%clk 1:15:57]} 19... Qxe6 {[%clk 1:09:09]} 20. d4 {[%clk 1:15:36]} 20...
b5 {[%clk 1:08:53]} 21. Bb3 {[%clk 1:13:01]} 21... Kh7 {[%clk 1:07:38]} 22.
dxe5 {[%clk 1:05:35]} 22... Rhe8 {[%clk 1:05:46]} 23. Rd1 {[%clk 1:04:57]}
23... Rad8 {[%clk 1:04:52]} 24. exf6 {[%clk 1:03:37]} 24... Nxf6 25. Bxe6 25...
Nxh5 {[%clk 1:04:43]} 26. Rxd8 {[%clk 1:03:47]} 26... Rxd8 {[%clk 1:04:45]} 27.
Be3 {[%clk 1:03:48]} 27... Re8 {[%clk 1:04:05]} 28. Bf7 {[%clk 1:04:06]} 28...
Re5 {[%clk 1:04:10]} 29. Bxh5 {[%clk 1:04:28]} 29... Rxh5 {[%clk 1:04:38]} 30.
Rd1 {[%clk 1:04:43]} 30... Re5 {[%clk 1:04:10]} 31. Rd7 {[%clk 1:04:47]} 31...
c5 {[%clk 1:03:52]} 32. Ra7 {[%clk 1:04:27]} 32... Re6 {[%clk 1:03:37]} 33. Kf1
{[%clk 1:04:28]} 33... c4 {[%clk 1:03:47]} 34. Ke2 {[%clk 1:03:52]} 34... Rg6 {
[%clk 1:03:14]} 35. Kf3 {[%clk 1:03:33]} 35... Re6 {[%clk 1:03:01]} 36. Bd4 {
[%clk 1:03:18]} 36... Rg6 37. g4 {[%clk 1:03:23]} 37... Kg8 {[%clk 1:03:01]}
38. Kf4 38... Kh7 {[%clk 1:03:07]} 39. h4 {[%clk 1:03:33]} 39... h5 { [%clk
1:01:14]} 40. f3 {[%clk 1:02:58]} 40... b4 {[%clk 1:00:09]} 41. cxb4 { [%clk
1:02:41]} 41... a5 {[%clk 0:59:20]} 42. bxa5 {[%clk 1:02:48]} 42... c3 { [%clk
0:58:06]} 43. Bxc3 {[%clk 1:03:06]} 43... hxg4 {[%clk 0:58:05]} 44. fxg4 {[%clk
1:03:08]} 44... Kh6 {[%clk 0:58:05]} 45. Bxg7+ {[%clk 1:03:08]} 1-0

[Event "ODJM B 2017"]
[Site "Willingen GER"]
[Date "2017.06.09"]
[Round "8"]
[White "Rautenberg, Jakob"]
[Black "Thorz, Maximilian"]
[Result "1/2-1/2"]
[Termination "normal"]
[Board "2"]
[WhiteElo "1695"]
[BlackElo "1596"]
[WhiteClock "00:16:46"]
[BlackClock "00:59:22"]
[PlyCount "134"]
[WhiteFideId "16214749"]
[BlackFideId "16220668"]
[EventCountry "GER"]
[EventRounds "9"]
[EventType "swiss"]
[EventDate "2017.06.03"]

1. e4 {[%clk 1:30:58]} 1... c5 {[%clk 1:30:44]} 2. Nf3 {[%clk 1:31:24]} 2... d6
{[%clk 1:30:57]} 3. Bb5+ {[%clk 1:31:49]} 3... Nd7 {[%clk 1:30:00]} 4. O-O {
[%clk 1:32:04]} 4... a6 {[%clk 1:30:27]} 5. Bd3 {[%clk 1:32:07]} 5... e5 {
[%clk 1:29:40]} 6. c3 {[%clk 1:31:37]} 6... Ngf6 {[%clk 1:29:34]} 7. Re1 {
[%clk 1:31:29]} 7... Be7 {[%clk 1:29:46]} 8. Bc2 {[%clk 1:31:11]} 8... O-O {
[%clk 1:28:46]} 9. d4 {[%clk 1:30:34]} 9... b5 {[%clk 1:28:26]} 10. Nbd2 {
[%clk 1:29:33]} 10... Re8 {[%clk 1:27:10]} 11. Nf1 {[%clk 1:29:12]} 11... exd4
{[%clk 1:26:49]} 12. cxd4 {[%clk 1:27:30]} 12... Bb7 {[%clk 1:23:32]} 13. Ng3 {
[%clk 1:26:46]} 13... Nf8 {[%clk 1:22:32]} 14. d5 {[%clk 1:26:01]} 14... Ng6 {
[%clk 1:22:26]} 15. b3 {[%clk 1:24:02]} 15... a5 {[%clk 1:21:18]} 16. Bb2 {
[%clk 1:21:23]} 16... Nd7 {[%clk 1:21:08]} 17. Nf5 {[%clk 1:14:06]} 17... f6 {
[%clk 1:19:53]} 18. Nd2 {[%clk 0:53:58]} 18... Nde5 {[%clk 1:18:23]} 19. Nf1 {
[%clk 0:51:50]} 19... c4 {[%clk 1:17:12]} 20. N1g3 {[%clk 0:48:33]} 20... Rc8 {
[%clk 1:17:06]} 21. Ne2 {[%clk 0:47:32]} 21... b4 {[%clk 1:15:41]} 22. Bxe5 {
[%clk 0:45:30]} 22... fxe5 {[%clk 1:15:40]} 23. bxc4 {[%clk 0:41:44]} 23... Ba6
{[%clk 1:14:17]} 24. Ba4 {[%clk 0:41:04]} 24... Rf8 {[%clk 1:14:13]} 25. Bb5 {
[%clk 0:40:58]} 25... Bxb5 {[%clk 1:14:31]} 26. cxb5 {[%clk 0:41:21]} 26... Qb6
{[%clk 1:14:31]} 27. Qd3 {[%clk 0:36:41]} 27... Rc5 {[%clk 1:14:13]} 28. Rac1 {
[%clk 0:36:06]} 28... Bg5 {[%clk 1:14:11]} 29. Rxc5 {[%clk 0:35:16]} 29... Qxc5
{[%clk 1:14:40]} 30. g3 {[%clk 0:31:44]} 30... Ne7 {[%clk 1:12:58]} 31. Nxe7+ {
[%clk 0:29:00]} 31... Bxe7 {[%clk 1:13:20]} 32. Rf1 {[%clk 0:28:54]} 32... Rb8
{[%clk 1:13:16]} 33. Rc1 {[%clk 0:27:44]} 33... Qxb5 {[%clk 1:13:19]} 34. Qxb5
{[%clk 0:27:58]} 34... Rxb5 {[%clk 1:13:42]} 35. f4 {[%clk 0:26:13]} 35... exf4
{[%clk 1:03:31]} 36. gxf4 {[%clk 0:26:28]} 36... a4 {[%clk 1:03:34]} 37. Nd4 {
[%clk 0:25:02]} 37... Rc5 {[%clk 1:03:03]} 38. Rb1 {[%clk 0:24:33]} 38... Bf6 {
[%clk 1:01:41]} 39. Rxb4 {[%clk 0:23:45]} 39... Bxd4+ 40. Rxd4 {[%clk 0:24:03]}
40... Rc1+ {[%clk 1:02:35]} 41. Kf2 {[%clk 0:23:50]} 41... Rc2+ {[%clk 1:03:04]
} 42. Kg3 {[%clk 0:23:55]} 42... Rxa2 {[%clk 1:02:04]} 43. Kg4 {[%clk 0:23:46]}
43... a3 {[%clk 1:02:01]} 44. Ra4 {[%clk 0:24:06]} 44... Re2 {[%clk 1:02:03]}
45. Kf5 {[%clk 0:24:04]} 45... a2 {[%clk 1:01:13]} 46. h4 {[%clk 0:24:13]}
46... h6 {[%clk 1:00:09]} 47. e5 {[%clk 0:22:14]} 47... dxe5 {[%clk 1:00:18]}
48. fxe5 {[%clk 0:22:37]} 48... Rf2+ {[%clk 1:00:41]} 49. Ke6 {[%clk 0:22:55]}
49... g5 {[%clk 1:00:02]} 50. hxg5 {[%clk 0:22:15]} 50... hxg5 {[%clk 1:00:30]}
51. d6 {[%clk 0:22:37]} 51... Kf8 {[%clk 0:58:36]} 52. Ra8+ {[%clk 0:22:59]}
52... Kg7 {[%clk 0:58:53]} 53. d7 {[%clk 0:22:38]} 53... Rd2 {[%clk 0:58:30]}
54. Ke7 {[%clk 0:22:58]} 54... Kg6 {[%clk 0:56:07]} 55. d8=Q {[%clk 0:23:12]}
55... Rxd8 {[%clk 0:56:29]} 56. Kxd8 {[%clk 0:23:35]} 56... Kf5 {[%clk 0:56:52]
} 57. Rxa2 {[%clk 0:21:26]} 57... Kxe5 {[%clk 0:57:19]} 58. Rf2 {[%clk 0:21:41]
} 58... g4 {[%clk 0:57:28]} 59. Ke7 {[%clk 0:21:35]} 59... g3 {[%clk 0:57:28]}
60. Rf1 {[%clk 0:21:09]} 60... Ke4 {[%clk 0:57:42]} 61. Kf6 {[%clk 0:18:49]}
61... g2 {[%clk 0:58:03]} 62. Ra1 {[%clk 0:18:16]} 62... Kf3 {[%clk 0:58:26]}
63. Kf5 {[%clk 0:17:57]} 63... Kf2 {[%clk 0:58:23]} 64. Ra2+ {[%clk 0:18:03]}
64... Kg3 {[%clk 0:58:46]} 65. Ra3+ {[%clk 0:16:23]} 65... Kh2 {[%clk 0:58:57]}
66. Ra2 {[%clk 0:16:46]} 66... Kh1 {[%clk 0:59:22]} 67. Rxg2 Kxg2 1/2-1/2

[Event "ODJM B 2017"]
[Site "Willingen GER"]
[Date "2017.06.09"]
[Round "8"]
[White "Ebeling, Gereon"]
[Black "Ding, Zheheng"]
[Result "1/2-1/2"]
[Termination "normal"]
[Board "3"]
[WhiteElo "1358"]
[BlackElo "1800"]
[WhiteClock "00:20:55"]
[BlackClock "00:01:54"]
[PlyCount "91"]
[WhiteFideId "16223160"]
[BlackFideId "16240413"]
[EventCountry "GER"]
[EventRounds "9"]
[EventType "swiss"]
[EventDate "2017.06.03"]

1. e4 {[%clk 1:30:57]} 1... c5 {[%clk 1:30:58]} 2. Nf3 {[%clk 1:31:18]} 2... e6
{[%clk 1:31:27]} 3. d4 {[%clk 1:31:35]} 3... cxd4 {[%clk 1:31:56]} 4. Nxd4 {
[%clk 1:31:52]} 4... Nc6 {[%clk 1:32:25]} 5. Nc3 {[%clk 1:31:20]} 5... Qc7 {
[%clk 1:32:53]} 6. Be3 {[%clk 1:30:59]} 6... a6 {[%clk 1:33:20]} 7. Bd3 { [%clk
1:30:51]} 7... Nf6 {[%clk 1:33:42]} 8. O-O {[%clk 1:30:25]} 8... Be7 { [%clk
1:34:03]} 9. Qf3 {[%clk 1:28:16]} 9... d6 {[%clk 1:34:06]} 10. Qg3 { [%clk
1:26:59]} 10... Bd7 {[%clk 1:18:01]} 11. h3 {[%clk 1:22:58]} 11... h5 { [%clk
1:16:01]} 12. Rab1 {[%clk 1:20:35]} 12... h4 {[%clk 1:01:40]} 13. Qf3 { [%clk
1:19:04]} 13... Nxd4 {[%clk 0:52:47]} 14. Bxd4 {[%clk 1:19:19]} 14... e5 {[%clk
0:53:13]} 15. Be3 {[%clk 1:18:43]} 15... b5 {[%clk 0:42:49]} 16. a3 { [%clk
1:18:41]} 16... Bc6 {[%clk 0:42:28]} 17. Bd2 {[%clk 1:09:37]} 17... Rg8 { [%clk
0:38:10]} 18. Bg5 {[%clk 0:59:42]} 18... Nd7 {[%clk 0:37:14]} 19. Qg4 { [%clk
0:52:13]} 19... Nc5 {[%clk 0:34:31]} 20. Qxh4 {[%clk 0:45:46]} 20... Bxg5
{[%clk 0:33:42]} 21. Qxg5 {[%clk 0:45:49]} 21... Ne6 {[%clk 0:33:57]} 22. Qg4 {
[%clk 0:42:38]} 22... Bd7 {[%clk 0:33:51]} 23. Nd5 {[%clk 0:42:26]} 23... Qd8 {
[%clk 0:34:20]} 24. Qg3 {[%clk 0:37:44]} 24... Bc6 {[%clk 0:22:15]} 25. Nc3 {
[%clk 0:36:15]} 25... Qd7 {[%clk 0:21:54]} 26. Rbd1 {[%clk 0:31:02]} 26...
O-O-O {[%clk 0:20:37]} 27. a4 {[%clk 0:26:47]} 27... Kb7 {[%clk 0:18:27]} 28.
axb5 {[%clk 0:27:01]} 28... axb5 {[%clk 0:18:41]} 29. Ra1 {[%clk 0:24:15]}
29... g5 {[%clk 0:16:04]} 30. Qe3 {[%clk 0:23:21]} 30... Ra8 {[%clk 0:16:25]}
31. Nd5 {[%clk 0:17:45]} 31... Bxd5 {[%clk 0:15:31]} 32. exd5 {[%clk 0:17:59]}
32... Nf4 {[%clk 0:15:49]} 33. c4 {[%clk 0:12:44]} 33... Rh8 {[%clk 0:14:28]}
34. Qf3 {[%clk 0:06:30]} 34... g4 {[%clk 0:08:09]} 35. hxg4 {[%clk 0:05:51]}
35... Nxd3 {[%clk 0:07:31]} 36. Qxd3 {[%clk 0:05:35]} 36... Qxg4 { [%clk
0:07:45]} 37. Rxa8 {[%clk 0:05:34]} 37... Kxa8 {[%clk 0:03:55]} 38. cxb5 {[%clk
0:05:38]} 38... Qh4 {[%clk 0:02:30]} 39. Qh3 {[%clk 0:06:00]} 39... Qxh3 {[%clk
0:02:50]} 40. gxh3 {[%clk 0:06:28]} 40... Rxh3 {[%clk 0:03:01]} 41. f3 { [%clk
0:06:18]} 41... Rh4 {[%clk 0:01:12]} 42. Ra1+ {[%clk 0:06:19]} 42... Kb7 {[%clk
0:01:24]} 43. Ra6 {[%clk 0:06:21]} 43... Kc7 {[%clk 0:01:12]} 44. Rc6+ { [%clk
0:05:02]} 44... Kd7 {[%clk 0:01:41]} 45. b6 {[%clk 0:03:17]} 45... Rb4 { [%clk
0:01:54]} 46. Kf2 {[%clk 0:20:55]} 1/2-1/2

[Event "ODJM B 2017"]
[Site "Willingen GER"]
[Date "2017.06.09"]
[Round "8"]
[White "Schulter, Moritz"]
[Black "Wirth, Tobias"]
[Result "0-1"]
[Termination "normal"]
[Board "4"]
[WhiteElo "1324"]
[BlackElo "1383"]
[WhiteClock "00:25:57"]
[BlackClock "00:42:22"]
[PlyCount "156"]
[WhiteFideId "16245067"]
[BlackFideId "16230213"]
[EventCountry "GER"]
[EventRounds "9"]
[EventType "swiss"]
[EventDate "2017.06.03"]

1. e4 {[%clk 1:30:59]} 1... e6 {[%clk 1:30:49]} 2. d4 {[%clk 1:31:23]} 2... b6
{[%clk 1:31:12]} 3. Nc3 {[%clk 1:25:56]} 3... Bb7 {[%clk 1:30:56]} 4. a3 {
[%clk 1:24:49]} 4... Nf6 {[%clk 1:30:28]} 5. f3 {[%clk 1:22:29]} 5... c5 {
[%clk 1:25:10]} 6. e5 {[%clk 1:17:51]} 6... Nd5 {[%clk 1:24:09]} 7. Nxd5 {
[%clk 1:18:02]} 7... Bxd5 {[%clk 1:23:50]} 8. c4 {[%clk 1:17:04]} 8... Bb7 {
[%clk 1:23:58]} 9. dxc5 {[%clk 1:05:51]} 9... Bxc5 {[%clk 1:23:20]} 10. b4 {
[%clk 1:05:38]} 10... Be7 {[%clk 1:22:31]} 11. Nh3 {[%clk 0:58:28]} 11... Bh4+
{[%clk 1:14:25]} 12. g3 {[%clk 0:56:46]} 12... Be7 {[%clk 1:14:21]} 13. Bg2 {
[%clk 0:55:19]} 13... d6 {[%clk 1:10:39]} 14. exd6 {[%clk 0:54:32]} 14... Qxd6
{[%clk 1:10:41]} 15. Qxd6 {[%clk 0:54:08]} 15... Bxd6 {[%clk 1:10:59]} 16. Bb2
{[%clk 0:54:01]} 16... f6 {[%clk 1:00:34]} 17. Rd1 {[%clk 0:53:17]} 17... Ke7 {
[%clk 0:59:52]} 18. O-O {[%clk 0:52:44]} 18... Nd7 {[%clk 0:57:10]} 19. Rd2 {
[%clk 0:52:04]} 19... Be5 {[%clk 0:55:19]} 20. Rfd1 {[%clk 0:46:52]} 20... Rhd8
{[%clk 0:53:55]} 21. f4 {[%clk 0:45:33]} 21... Bxg2 {[%clk 0:52:30]} 22. Kxg2 {
[%clk 0:43:58]} 22... Bxb2 {[%clk 0:52:29]} 23. Rxb2 {[%clk 0:43:55]} 23... e5
{[%clk 0:47:39]} 24. Re2 {[%clk 0:40:45]} 24... Kf7 {[%clk 0:46:45]} 25. Rde1 {
[%clk 0:37:10]} 25... Re8 {[%clk 0:45:57]} 26. Rd2 {[%clk 0:34:26]} 26... Red8
{[%clk 0:42:18]} 27. Red1 {[%clk 0:32:05]} 27... Ke7 {[%clk 0:42:20]} 28. f5 {
[%clk 0:29:16]} 28... Rac8 {[%clk 0:40:52]} 29. Rc2 {[%clk 0:27:45]} 29... Nb8
{[%clk 0:39:31]} 30. Rxd8 {[%clk 0:26:46]} 30... Kxd8 {[%clk 0:39:13]} 31. Nf2
{[%clk 0:23:14]} 31... Nc6 {[%clk 0:38:43]} 32. c5 {[%clk 0:21:32]} 32... Nd4 {
[%clk 0:38:20]} 33. Rc1 {[%clk 0:19:39]} 33... bxc5 {[%clk 0:38:10]} 34. Rxc5 {
[%clk 0:18:23]} 34... Rxc5 {[%clk 0:37:50]} 35. bxc5 {[%clk 0:18:51]} 35... Nb3
{[%clk 0:37:51]} 36. Nd3 {[%clk 0:16:29]} 36... Kd7 {[%clk 0:36:33]} 37. Kf2 {
[%clk 0:13:49]} 37... a5 {[%clk 0:34:30]} 38. Ke3 {[%clk 0:12:27]} 38... Kc6 {
[%clk 0:33:33]} 39. h4 {[%clk 0:07:22]} 39... Nxc5 {[%clk 0:33:09]} 40. Nb2 {
[%clk 0:07:38]} 40... Nb7 {[%clk 0:29:52]} 41. g4 {[%clk 0:07:10]} 41... Kb5 {
[%clk 0:28:28]} 42. Ke4 {[%clk 0:05:37]} 42... Kc6 {[%clk 0:26:53]} 43. g5 {
[%clk 0:03:36]} 43... Nd6+ {[%clk 0:26:01]} 44. Kd3 {[%clk 0:02:11]} 44... Nxf5
{[%clk 0:25:17]} 45. gxf6 {[%clk 0:02:04]} 45... gxf6 {[%clk 0:25:27]} 46. Kc4
{[%clk 0:01:38]} 46... Nxh4 {[%clk 0:24:12]} 47. Na4 {[%clk 0:01:39]} 47... Nf3
{[%clk 0:22:33]} 48. Nc3 {[%clk 0:01:04]} 48... h5 {[%clk 0:20:00]} 49. Ne4 {
[%clk 0:00:51]} 49... h4 {[%clk 0:14:09]} 50. Nxf6 {[%clk 0:00:46]} 50... h3 {
[%clk 0:14:23]} 51. Ng4 {[%clk 0:29:44]} 51... h2 {[%clk 0:44:20]} 52. Nf2 {
[%clk 0:28:43]} 52... e4 {[%clk 0:43:29]} 53. Nh1 {[%clk 0:28:56]} 53... Ng5 {
[%clk 0:43:10]} 54. a4 {[%clk 0:28:19]} 54... Ne6 {[%clk 0:42:01]} 55. Ng3 {
[%clk 0:27:06]} 55... Nc5 {[%clk 0:40:38]} 56. Kd4 {[%clk 0:26:44]} 56... Kd6 {
[%clk 0:40:17]} 57. Ke3 {[%clk 0:26:24]} 57... Ke5 {[%clk 0:39:43]} 58. Kf2 {
[%clk 0:26:19]} 58... Nxa4 {[%clk 0:39:43]} 59. Kg2 {[%clk 0:26:28]} 59... Nc3
{[%clk 0:39:59]} 60. Nf1 {[%clk 0:25:59]} 60... Kd4 {[%clk 0:39:30]} 61. Kxh2 {
[%clk 0:24:14]} 61... Kd3 {[%clk 0:39:30]} 62. Kg2 {[%clk 0:24:30]} 62... e3 {
[%clk 0:38:45]} 63. Ng3 {[%clk 0:23:31]} 63... e2 {[%clk 0:38:30]} 64. Kf2 {
[%clk 0:23:13]} 64... Kd2 {[%clk 0:38:37]} 65. Nxe2 {[%clk 0:22:42]} 65... Nxe2
{[%clk 0:38:59]} 66. Kf3 {[%clk 0:22:55]} 66... a4 {[%clk 0:39:19]} 67. Ke4 {
[%clk 0:23:18]} 67... a3 {[%clk 0:39:40]} 68. Kd5 {[%clk 0:23:39]} 68... a2 {
[%clk 0:40:01]} 69. Kc4 {[%clk 0:23:52]} 69... a1=Q {[%clk 0:40:12]} 70. Kb5 {
[%clk 0:24:19]} 70... Qc3 {[%clk 0:40:08]} 71. Kb6 {[%clk 0:24:44]} 71... Qc4 {
[%clk 0:40:09]} 72. Kb7 {[%clk 0:25:02]} 72... Qc5 {[%clk 0:40:32]} 73. Ka8 {
[%clk 0:25:00]} 73... Qb4 {[%clk 0:40:47]} 74. Ka7 {[%clk 0:25:16]} 74... Kc3 {
[%clk 0:41:08]} 75. Ka6 {[%clk 0:25:31]} 75... Kc4 {[%clk 0:41:30]} 76. Ka7 {
[%clk 0:25:35]} 76... Kc5 {[%clk 0:41:56]} 77. Ka8 {[%clk 0:25:57]} 77... Kc6 {
[%clk 0:42:22]} 78. Ka7 Qb7# 0-1

[Event "ODJM B 2017"]
[Site "Willingen GER"]
[Date "2017.06.09"]
[Round "8"]
[White "Reyher, Susan"]
[Black "Neppert, Paul"]
[Result "1-0"]
[Termination "normal"]
[Board "5"]
[WhiteElo "1715"]
[BlackElo "1598"]
[WhiteClock "00:56:16"]
[BlackClock "00:04:51"]
[PlyCount "77"]
[WhiteFideId "24686107"]
[BlackFideId "16219414"]
[EventCountry "GER"]
[EventRounds "9"]
[EventType "swiss"]
[EventDate "2017.06.03"]

1. e4 {[%clk 1:30:57]} 1... e5 {[%clk 1:30:55]} 2. Bc4 {[%clk 1:31:13]} 2...
Nf6 {[%clk 1:31:13]} 3. d3 {[%clk 1:31:22]} 3... Nc6 {[%clk 1:31:28]} 4. Nc3 {
[%clk 1:31:34]} 4... d6 {[%clk 1:31:47]} 5. Nge2 {[%clk 1:30:44]} 5... Be6 {
[%clk 1:30:55]} 6. Bb3 {[%clk 1:27:19]} 6... d5 {[%clk 1:27:50]} 7. Bg5 { [%clk
1:26:23]} 7... d4 {[%clk 1:20:47]} 8. Nd5 {[%clk 1:26:11]} 8... h6 { [%clk
1:04:26]} 9. Nxf6+ {[%clk 1:23:54]} 9... gxf6 {[%clk 1:04:42]} 10. Bd2 { [%clk
1:24:09]} 10... Qd7 {[%clk 1:00:44]} 11. Ng3 {[%clk 1:23:23]} 11... O-O-O
{[%clk 0:55:55]} 12. f4 {[%clk 1:17:03]} 12... Bb4 {[%clk 0:38:02]} 13. f5 {
[%clk 1:13:32]} 13... Bxd2+ {[%clk 0:37:16]} 14. Qxd2 {[%clk 1:13:48]} 14...
Bxb3 {[%clk 0:37:03]} 15. axb3 {[%clk 1:14:09]} 15... Qd6 {[%clk 0:34:17]} 16.
Ra4 {[%clk 1:13:32]} 16... Kd7 {[%clk 0:27:53]} 17. O-O {[%clk 1:10:03]} 17...
Ke7 {[%clk 0:27:52]} 18. Nh5 {[%clk 1:09:53]} 18... Rdg8 {[%clk 0:25:34]} 19.
Qe2 {[%clk 1:05:14]} 19... a6 {[%clk 0:24:14]} 20. Rf3 {[%clk 1:04:00]} 20...
Rh7 {[%clk 0:21:13]} 21. Ra1 {[%clk 1:03:27]} 21... Nb4 {[%clk 0:18:04]} 22. c3
{[%clk 1:00:29]} 22... Nc6 {[%clk 0:16:41]} 23. Qf2 {[%clk 1:00:32]} 23... Qc5
{[%clk 0:13:41]} 24. Kh1 {[%clk 0:59:37]} 24... Qd6 {[%clk 0:09:41]} 25. Rg3 {
[%clk 0:56:24]} 25... Rxg3 {[%clk 0:07:40]} 26. Qxg3 {[%clk 0:56:45]} 26... Qd8
{[%clk 0:07:55]} 27. Rf1 {[%clk 0:55:53]} 27... Qf8 {[%clk 0:05:30]} 28. Rf3 {
[%clk 0:55:40]} 28... Qd8 {[%clk 0:05:18]} 29. Qh4 {[%clk 0:55:21]} 29... Qh8 {
[%clk 0:05:29]} 30. Rg3 {[%clk 0:55:36]} 30... a5 {[%clk 0:04:43]} 31. Rg4 {
[%clk 0:55:57]} 31... dxc3 {[%clk 0:04:09]} 32. bxc3 {[%clk 0:56:03]} 32... Nb8
{[%clk 0:04:31]} 33. Qg3 {[%clk 0:56:11]} 33... Kf8 {[%clk 0:04:26]} 34. Qf2 {
[%clk 0:55:35]} 34... b6 {[%clk 0:04:27]} 35. Qa2 {[%clk 0:55:45]} 35... Nd7 {
[%clk 0:04:13]} 36. Qa4 {[%clk 0:55:45]} 36... Ke8 {[%clk 0:04:09]} 37. Qc6 {
[%clk 0:55:56]} 37... Kd8 {[%clk 0:04:27]} 38. Qa8+ {[%clk 0:56:01]} 38... Ke7
{[%clk 0:04:51]} 39. Rg8 {[%clk 0:56:16]} 1-0

[Event "ODJM B 2017"]
[Site "Willingen GER"]
[Date "2017.06.09"]
[Round "8"]
[White "Borgmann, Simon"]
[Black "Grone, Lion"]
[Result "1/2-1/2"]
[Termination "normal"]
[Board "6"]
[WhiteElo "1647"]
[BlackElo "1545"]
[WhiteClock "00:11:26"]
[BlackClock "00:34:30"]
[PlyCount "70"]
[WhiteFideId "16234677"]
[BlackFideId "16245032"]
[EventCountry "GER"]
[EventRounds "9"]
[EventType "swiss"]
[EventDate "2017.06.03"]

1. d4 {[%clk 1:30:58]} 1... d5 {[%clk 1:30:43]} 2. Nf3 {[%clk 1:31:07]} 2...
Nf6 {[%clk 1:31:02]} 3. e3 {[%clk 1:31:03]} 3... Bf5 {[%clk 1:27:11]} 4. c4 {
[%clk 1:29:11]} 4... e6 {[%clk 1:26:20]} 5. Nc3 {[%clk 1:28:00]} 5... c5 {
[%clk 1:24:49]} 6. dxc5 {[%clk 1:19:57]} 6... Bxc5 {[%clk 1:24:48]} 7. cxd5 {
[%clk 1:16:38]} 7... exd5 {[%clk 1:23:50]} 8. Bd3 {[%clk 1:11:51]} 8... Bxd3 {
[%clk 1:21:41]} 9. Qxd3 {[%clk 1:11:35]} 9... O-O {[%clk 1:21:18]} 10. O-O {
[%clk 1:10:26]} 10... Qd7 {[%clk 1:17:28]} 11. Qb5 {[%clk 1:06:32]} 11... Qxb5
12. Nxb5 {[%clk 1:06:55]} 12... Nc6 {[%clk 1:11:59]} 13. Bd2 {[%clk 1:01:55]}
13... a6 {[%clk 1:10:22]} 14. Nbd4 {[%clk 1:00:04]} 14... Nxd4 {[%clk 1:07:49]}
15. Nxd4 {[%clk 1:00:28]} 15... Ne4 {[%clk 1:05:55]} 16. Rfd1 {[%clk 0:48:45]}
16... Bxd4 {[%clk 1:05:18]} 17. exd4 {[%clk 0:49:08]} 17... Nxd2 { [%clk
1:05:30]} 18. Rxd2 {[%clk 0:49:31]} 18... Rac8 {[%clk 1:05:43]} 19. Kf1 { [%clk
0:37:41]} 19... f6 {[%clk 1:03:43]} 20. Ke2 {[%clk 0:35:12]} 20... Rc6 { [%clk
1:02:42]} 21. Kd3 {[%clk 0:32:27]} 21... Re8 {[%clk 1:02:00]} 22. b3 { [%clk
0:26:49]} 22... Kf7 {[%clk 0:55:02]} 23. Rb1 {[%clk 0:25:36]} 23... b5 { [%clk
0:54:30]} 24. Rbb2 {[%clk 0:25:12]} 24... b4 {[%clk 0:53:52]} 25. Rbc2 { [%clk
0:25:15]} 25... Rec8 {[%clk 0:54:04]} 26. Rxc6 {[%clk 0:25:19]} 26... Rxc6
{[%clk 0:54:32]} 27. Rc2 {[%clk 0:25:35]} 27... Rxc2 {[%clk 0:54:33]} 28. Kxc2
{[%clk 0:25:57]} 28... f5 {[%clk 0:54:18]} 29. Kd3 {[%clk 0:24:32]} 29... g5
{[%clk 0:54:26]} 30. g3 {[%clk 0:18:59]} 30... h5 {[%clk 0:50:48]} 31. f4 {
[%clk 0:16:47]} 31... h4 {[%clk 0:48:58]} 32. Ke3 {[%clk 0:14:17]} 32... hxg3 {
[%clk 0:34:13]} 33. hxg3 {[%clk 0:14:36]} 33... gxf4+ {[%clk 0:34:04]} 34. Kxf4
{[%clk 0:11:25]} 34... Kf6 {[%clk 0:34:07]} 35. g4 {[%clk 0:11:26]} 35... fxg4
{[%clk 0:34:30]} 1/2-1/2

[Event "ODJM B 2017"]
[Site "Willingen GER"]
[Date "2017.06.09"]
[Round "8"]
[White "Jung, Melanie"]
[Black "Frank, Carolin"]
[Result "1/2-1/2"]
[Termination "normal"]
[Board "7"]
[WhiteElo "1359"]
[BlackElo "1487"]
[PlyCount "84"]
[WhiteFideId "16222911"]
[BlackFideId "16207190"]
[EventCountry "GER"]
[EventRounds "9"]
[EventType "swiss"]
[EventDate "2017.06.03"]

1. e4 d5 2. exd5 Qxd5 3. Nc3 Qa5 4. d4 c6 5. Nf3 Nf6 6. Bc4 Bf5 7. Bd2 Qc7 8.
Qe2 e6 9. O-O-O Nbd7 10. Nh4 Bg4 11. f3 Bh5 12. g4 Bg6 13. Nxg6 hxg6 14. d5
cxd5 15. Nxd5 Nxd5 16. Bxd5 Rc8 17. Bc3 Qf4+ 18. Kb1 Nc5 19. Qb5+ Ke7 20. Bxb7
Rc7 21. Bb4 Kf6 22. Bxc5 Bxc5 23. Rd7 Rxh2 24. Rxh2 Qxh2 25. a3 Be3 26. g5+
Bxg5 27. Rxc7 Qxc7 28. Qc6 Qxc6 29. Bxc6 Ke5 30. Be8 Kf6 31. c4 Ke7 32. Ba4 a5
33. b4 axb4 34. axb4 Bd2 35. b5 Kd6 36. Kc2 Ba5 37. Kd3 Kc5 38. Bd1 e5 39. Be2
f6 40. Ke4 Bb6 41. Bf1 Kd6 42. Bh3 Bc5 1/2-1/2